Sociometry in group relations : A work guide for teachers (Record no. 1332559)

MARC details
000 -LEADER
fixed length control field 00539nam a2200181Ia 4500
005 - DATE AND TIME OF LATEST TRANSACTION
control field 20250508151847.0
008 - FIXED-LENGTH DATA ELEMENTS--GENERAL INFORMATION
fixed length control field 008 250505s9999 xx 000 0 eng d
037 ## - SOURCE OF ACQUISITION
Stock number Reference
040 ## - CATALOGING SOURCE
Original cataloging agency FEDL
Language of cataloging eng
Transcribing agency FEDL
041 ## - LANGUAGE CODE
Language code of text/sound track or separate title eng
Source of code eng
084 ## - COLON CLASSIFICATION NUMBER
Classification number 302, JEN
Assigning agency FEDL
100 ## - MAIN ENTRY--PERSONAL NAME
Personal name Jennings Helen Hall
9 (RLIN) 760175
245 #0 - TITLE STATEMENT
Title Sociometry in group relations : A work guide for teachers
260 ## - PUBLICATION, DISTRIBUTION, ETC.
Place of publication, distribution, etc. Washington, USA
Name of publisher, distributor, etc. American Council on Education
Date of publication, distribution, etc. 1951
300 ## - PHYSICAL DESCRIPTION
Extent 81p.
942 ## - ADDED ENTRY ELEMENTS (KOHA)
Koha item type Reference
Classification part 302, JEN
Holdings
Withdrawn status Lost status Damaged status Not for loan Home library Current library Date acquired Total Checkouts Full call number Barcode Date last seen Price effective from Koha item type
        Department of Education Library Department of Education Library 2025-05-08   302, JEN EL0013761 2025-05-08 2025-05-08 Reference
Copyright @ Delhi University Library System